000 00403nam a22001457a 4500
999 _c257931
_d257930
003 OSt
005 20191106111945.0
008 191106b xxu||||| |||| 00| 0 eng d
020 _a8126017287
040 _cN/A
100 _aK.V.Puttappa Kuvempu et al
245 _aShri Ramayana Darshanam:
_bSahitya Akademi Award Winning Kannada Epic
260 _aNew Delhi
_bSahitya Akademi
_c2018
942 _2lcc
_cBK